Manpower economics

Saved in:
Bibliografiske detaljer
Hovedforfatter: Gallaway, Lowell E. (Lowell Eugene), 1930-
Format: Bog
Sprog:English
Udgivet: Homewood, Ill., R. D. Irwin, 1971.
Serier:Irwin series in economics.
Fag:
LEADER 01075nam a2200313 a 4500
001 c000185464
003 CARM
005 20041221184425.0
008 710813s1971 ilua bs 001 0 eng
010 |a 72153167 //r84 
019 1 |a 603602  |5 LACONCORD2021 
035 |a (OCoLC)156719  |5 LACONCORD2021 
040 |a LC  |b eng  |c LC  |d ABN-SNR 
043 |a n-us--- 
050 0 0 |a HD5724  |b .G28 
082 0 0 |a 331/.0973 
082 1 4 |a 331/.0973  |2 19 
082 1 |a 331/.0973  |2 19 
100 1 |a Gallaway, Lowell E.  |q (Lowell Eugene),  |d 1930- 
245 1 0 |a Manpower economics  |c [by] Lowell E. Gallaway. 
260 |a Homewood, Ill.,  |b R. D. Irwin,  |c 1971. 
300 |a xiii, 257 p.  |b illus.  |c 23 cm. 
490 0 |a Irwin series in economics. 
504 |a Bibliography: p. 241-252. 
650 0 |a Labor supply  |z United States. 
650 0 |a Labor supply. 
852 8 |b CARM  |h A2:AK32B0  |i B05529  |p 0250864  |f BK 
999 f f |i d44c449a-1c97-5b15-a23a-f630bd700e4d  |s 4de816c4-013c-578b-9155-b81cebc20095 
952 f f |p Can circulate  |a CAVAL  |b CAVAL  |c CAVAL  |d CARM 1 Store  |e B05529  |f A2:AK32B0  |h Other scheme  |i book  |m 0250864